| 000 | 00588nam a22002297a 4500 | ||
|---|---|---|---|
| 003 | OSt | ||
| 005 | 20180116182958.0 | ||
| 008 | 140617b xxu||||| |||| 00| 0 eng d | ||
| 020 | _a9788131727539 | ||
| 022 | _a9788131727539 | ||
| 040 | _c0 | ||
| 050 | _a658.3 | ||
| 082 | _a658.3 | ||
| 100 | _aChowdhury,Subir | ||
| 245 |
_aThe Talent Era. _bAchieving a High Return on Talent. _cSubir Chowdhury. |
||
| 260 |
_aNew Delhi _bPearson Power. _c2009 |
||
| 300 | _a193p. | ||
| 500 | _aPaper Cover | ||
| 600 | _aChowdhury,Subir | ||
| 700 | _aChowdhury,Subir | ||
| 942 |
_2ddc _cBK _k658.3 |
||
| 999 |
_c349726 _d349726 |
||